Soul Calibur Characters - Statistics

General Stats
  • This quiz has been taken 187 times
    183 since last reset
  • The average score is 39 of 98
Answer Stats
Answer % Correct
Nightmare (Graf Dumas)
90%
Nightmare (Inferno)
90%
Nightmare (Siegfried)
90%
Kilik
89%
Sophitia!
89%
Sophitia!!
89%
Sophitia Alexandra
89%
Taki
88%
Cassandra Alexandra
87%
Isabella "Ivy" Valentine
87%
Astaroth
86%
Raphael Sorel
85%
Voldo
85%
Cervantes de Leon
84%
Heishiro Mitsurugi
83%
Siegfried Schtauffen
83%
Maxi
82%
Link
77%
Seong Mi-na
77%
Yoshimitsu
76%
Aeon "Lizardman" Calcos
75%
Heihachi Mishima
74%
Lizardman (generic)
74%
Spawn/Al Simmons
73%
Amy Sorel
71%
Talim
71%
Nathaniel "Rock" Adams
70%
Yoda
70%
Chai Xianghua
67%
Darth Vader/Anakin Skywalker
67%
Tira
66%
Inferno/SoulEdge
63%
Zasalamel
63%
Setsuka
56%
Assassin
55%
Hwang Seong-gyeong
54%
Hong Yun-Seong
49%
Necrid
47%
Kratos
45%
Charade
44%
Li Long
44%
The Apprentice/Galen Marek
43%
Berserker
42%
Ezio Auditore da Firenze
41%
Hildegard von Krone
39%
Patroklos Alexander
39%
Olcadan
38%
Edge Master
36%
Algol
34%
Pyrrha Alexandra
33%
Arthur
30%
Elysium/SoulCalibur
30%
Z.W.E.I.
30%
Lord Geo Dampierre
28%
Xiba
27%
Abyss
26%
Viola
26%
Natsu
22%
Pyrrha Ω
22%
α Patroklos
21%
Yan Leixia
21%
Ashlotte Maedel
20%
Angol Fear
19%
Lynette
19%
Revenant
18%
Shura
18%
Devil Jin/Jin Kazama
17%
Lloyd Irving
14%
Greed
13%
Kamikirimusi
13%
Miser
13%
Night Terror
13%
Valeria
13%
Abelia Schillfelt
12%
Hualin
10%
Scheherazade
10%
Chester
9%
KOS-MOS/Mary Magdalene
9%
Seong Han Myeong
8%
Girardot Argezas
7%
Aurelia Dichalla Dolce Dalkia
6%
Strife Astlar Grandall
6%
Astaroth (Mass Produced)
4%
Demuth Beel Zebus Halteese
4%
Jun Kazama
4%
Luna
4%
King II
3%
Asuka Kazama
2%
Ling Xiaoyu
2%
Maki
2%
Astaroth α
1%
Sultan Barbaros
1%
Yoshimitsu the Second
1%
Ammon
0%
Fafnir
0%
Geki
0%
Iska Farkas
0%
Masked Emperor
0%
No matching quizzes found
Score Distribution
Percent of People with Each Score
Percentile by Number Answered
Your Score History
You have not taken this quiz since the last reset